| 000 | 00867cam a2200157K 4500 | ||
|---|---|---|---|
| 082 | 0 | 4 |
_a954.03 _bKOE |
| 100 | 1 |
_aKönigsmarck, Hans Adolf Erwein Max, _950327 |
|
| 245 | 1 | 2 |
_aA German staff officer in India _bbeing the impressions of an officer of the German general staff of his travels through the peninsula; with an epilogue specially written for the English ed., _cby Count Hans von Koenigsmarck ... Authorised translation by P.H. Oakley Williams, illustrated with photographs and drawings, by the author and others. |
| 260 |
_aLondon, _bK. Paul, Trench, Trübner & Co., _c1910. |
||
| 300 |
_a1 online resource (xiv, 339 [1] p.) _bfront., plates, ports. |
||
| 526 |
_a0 _b0 _c0 _d954_030000000000000_KOE |
||
| 650 |
_aMCE _9379 |
||
| 700 | 1 |
_aWilliams, P. H. Oakley. _950328 |
|
| 856 | 4 | 0 | _uhttp://catalog.hathitrust.org/api/volumes/oclc/2155751.html |
| 942 |
_2ddc _cBK |
||
| 999 |
_c553052 _d553052 |
||